[Event "SLO-chT Central 2nd League"]
[Site "Slovenia"]
[Date "2011.10.13"]
[Round "3.3"]
[White "Bozeglav, Anze"]
[Black "Milanovic, Jure"]
[Result "1-0"]
[WhiteElo "1511"]
[BlackElo "1524"]
[PlyCount "95"]
[EventDate "2011.09.08"]
[EventType "team-tourn"]
[EventRounds "7"]
[EventCountry "SLO"]
[SourceTitle "EXT 2022"]
[Source "ChessBase"]
[SourceDate "2021.10.06"]
[SourceVersion "1"]
[SourceVersionDate "2021.10.06"]
[SourceQuality "1"]

1. e4 e5 2. Nf3 Nc6 3. Bc4 h6 4. c3 d6 5. d4 Bd7 6. b4 a6 7. Qb3 Qe7 8. 0-0 b5 9. Bd5 Rd8 10. a4 Nf6 11. axb5 axb5 12. Be3 Nxd5 13. exd5 Nb8 14. Re1 e4 15. Ra5 f5 16. Na3 c6 17. Nd2 Qf7 18. dxc6 Qxb3 19. cxd7+ Nxd7 20. Nxb3 Be7 21. Rxb5 0-0 22. Bf4 g5 23. Bd2 Kg7 24. Na5 Nb8 25. f3 d5 26. Rb7 Kf6 27. Nb5 h5 28. Na7 Rd6 29. fxe4 dxe4 30. Rf1 f4 31. Bxf4 gxf4 32. Rxf4+ Kg5 33. Rxf8 Bxf8 34. Rxb8 Bh6 35. Nc4 Ra6 36. Rb5+ Kh4 37. Ra5 Rf6 38. Ra2 e3 39. b5 Re6 40. Re2 Kg4 41. b6 Bf4 42. b7 Ra6 43. Nxe3+ Bxe3+ 44. Rxe3 Rb6 45. Re7 h4 46. Nc6 Rb1+ 47. Kf2 Rb2+ 48. Ke3 1-0

[Event "Ljubljana-chT 63rd 3rd League"]
[Site "Ljubljana"]
[Date "2010.03.11"]
[Round "8.3"]
[White "Bozeglav, Anze"]
[Black "Trcek, Alojzij"]
[Result "0-1"]
[WhiteElo "1522"]
[BlackElo "1555"]
[PlyCount "66"]
[EventDate "2010.01.07"]
[EventType "team-tourn"]
[EventRounds "10"]
[EventCountry "SLO"]
[SourceTitle "EXT 2022"]
[Source "ChessBase"]
[SourceDate "2021.10.06"]
[SourceVersion "1"]
[SourceVersionDate "2021.10.06"]
[SourceQuality "1"]

1. e4 e5 2. Nf3 Nc6 3. Bc4 d6 4. c3 h6 5. d4 Be7 6. Qb3 Na5 7. Qb5+ c6 8. Qb4 d5 9. Qa4 Nxc4 10. exd5 Nb6 11. Qc2 exd4 12. dxc6 d3 13. Qd2 Bf6 14. 0-0 Ne7 15. Re1 0-0 16. Re3 Nc4 17. Qxd3 Nxe3 18. Qxe3 Nf5 19. Qd2 Qe8 20. g4 Qxc6 21. Qf4 Nh4 22. Nxh4 Bxh4 23. Be3 f5 24. Nd2 fxg4 25. Qd4 Bf6 26. Qb4 b6 27. Nc4 Bb7 28. Kf1 Qh1+ 29. Ke2 Bf3+ 30. Kd3 Qxa1 31. Bd4 Qb1+ 32. Kd2 Bg5+ 33. Be3 Qd1# 0-1